تطبيقات الحاسوب في المهن التجارية : (رقم التسجيلة. 933)
[ عرض عادي ]
| 000 -LEADER | |
|---|---|
| fixed length control field | 00622nam a22001697a 4500 |
| 005 - DATE AND TIME OF LATEST TRANSACTION | |
| control field | 20251108163352.0 |
| 008 - FIXED-LENGTH DATA ELEMENTS--GENERAL INFORMATION | |
| fixed length control field | 250721s1998 xx 000 0 ara d |
| 082 14 - DEWEY DECIMAL CLASSIFICATION NUMBER | |
| Classification number | 001.64/حمد |
| 100 1# - MAIN ENTRY--PERSONAL NAME | |
| Personal name | حمدان، موسى عبد الله |
| 245 10 - TITLE STATEMENT | |
| Title | تطبيقات الحاسوب في المهن التجارية : |
| Remainder of title | اعمال السكرتاريا و إدارة المكاتب و المحاسبة و الإحصاء / |
| 246 11 - VARYING FORM OF TITLE | |
| Title proper/short title | DOS , Windows , Windword,6. - , excel 6.0 Win 9.5 |
| 264 1# - PRODUCTION, PUBLICATION, DISTRIBUTION, MANUFACTURE, AND COPYRIGHT NOTICE | |
| Place of production, publication, distribution, manufacture | عمان : |
| Name of producer, publisher, distributor, manufacturer | دار صفاء، |
| Date of production, publication, distribution, manufacture, or copyright notice | 1998. |
| 300 ## - PHYSICAL DESCRIPTION | |
| Extent | 176ص. |
| 650 17 - SUBJECT ADDED ENTRY--TOPICAL TERM | |
| Topical term or geographic name as entry element | الحواسيب |
| 942 ## - ADDED ENTRY ELEMENTS (KOHA) | |
| Source of classification or shelving scheme | Dewey Decimal Classification |
| Koha item type | كتب |
| حالة السحب | حالة الفقدان | مصدر التصنيف | حالة التلف | غير قابل للإعارة | المكتبة الرئيسية | المكتبة الحالية | موقع الرف | تاريخ التزويد | الرقم المتسلسل | Total Checkouts | رقم الإستدعاء | تاريخ آخر ظهور | تاريخ الفاتورة | نوع المادة (كوها) | الباركود |
|---|---|---|---|---|---|---|---|---|---|---|---|---|---|---|---|
| Dewey Decimal Classification | Unchecked | مكتبة أبو علندا العامة | مكتبة أبو علندا العامة | الإعارة | 06/07/2004 | 2542 | 001.64/حمد | 28/07/2025 | 06/07/2004 | كتب | |||||
| Dewey Decimal Classification | مكتبة الأميرة ايمان العامة | مكتبة الأميرة ايمان العامة | الإعارة | 29/10/2013 | [11545] | 001.64/حمد | 28/07/2025 | 29/10/2013 | كتب | PLD00284391 | |||||
| Dewey Decimal Classification | مكتبة الجويدة | مكتبة الجويدة | الإعارة | 27/06/2015 | (7113) | 001.64/حمد | 28/07/2025 | 27/06/2015 | كتب | PLD00334120 | |||||
| Dewey Decimal Classification | Unchecked | مكتبة وادي السير العامة | مكتبة وادي السير العامة | الإعارة | 06/07/2004 | 8126 | 001.64/حمد | 28/07/2025 | 06/07/2004 | كتب |